Marcel Breuer: Construcciones y proyectos 1921-1961
Furkejuvvon:
| Váldodahkki: | |
|---|---|
| Materiálatiipa: | Girji |
| Giella: | espánnjágiella |
| Almmustuhtton: |
Barcelona
Gustavo Gili
1963
|
| Fáttát: | |
| Fáddágilkorat: |
Lasit fáddágilkoriid
Eai fáddágilkorat, Lasit vuosttaš fáddágilkora!
|
MARC
| LEADER | 00000nam a2200000 a 4500 | ||
|---|---|---|---|
| 001 | UCT2473 | ||
| 003 | CL-VaPUC | ||
| 008 | 961011e19630000SP |||||||||||||||||spa|d | ||
| 082 | 0 | 4 | |a 720.92 |b JON |2 21 |
| 100 | 0 | |a Jones, Cranston |e author |9 371486 | |
| 245 | 1 | 0 | |a Marcel Breuer: Construcciones y proyectos 1921-1961 |
| 300 | |a 264 p | ||
| 942 | |c BK | ||
| 945 | |d 19961011 00:00:00 |a rleighto | ||
| 260 | |a Barcelona |b Gustavo Gili |c 1963 | ||
| 600 | 0 | 7 | |a BREUER, MARCEL |2 CL-VaPUC |9 268310 |
| 650 | 0 | |a Arquitectura moderna |9 265021 | |
| 650 | 0 | |a Arquitectos |9 268647 | |
| 650 | 7 | |a CONSTRUCCIONES |2 CL-VaPUC |9 262690 | |
| 650 | 0 | |a Diseño arquitectónico |9 265271 | |
| 650 | 0 | |a Proyectos |9 337967 | |
| 583 | |a last modification |c 19961011 00:00:00 |k Rodrigo Vera | ||
| 999 | |c 252545 |d 252543 | ||
| 952 | |0 0 |1 0 |4 0 |6 720_920000000000000_JON_1963 |7 0 |8 F |9 272455 |a BIBARQ |b BIBARQ |d 2019-11-19 |i 3236110 |o 720.92 JON 1963 |p 3236110 |r 2025-01-20 |w 2019-11-19 |y BK_F |k ARQ | ||